00543nam a2200169Ia 4500003000900000008004100009020001800050040001600068080001600084245010400100260004600204300001500250650004100265650001400306650002700320700002600347IN-BaIIA211028s9999 xx 000 0 eng d a0-677-15320-1 cIIA Library a524.83bCAR 0aCargese lectures in physicsbvol. 6cedited by Evry Schatzman  aNew YorkbGordon and Breach Sciencec1973 avii, 731p. aAstronomy and astrophysics thesaurus aCosmology aRelativistic cosmology aSchatzman, Evry., ed.